| 000 | 00577nam a2200193 a 4500 | ||
|---|---|---|---|
| 005 | 20240228063832.0 | ||
| 008 | 991125s1955 par 000 0 fre u | ||
| 035 | _aUPN01000041713 | ||
| 049 | _aCG | ||
| 050 | 4 | _aPZ23 Ch3.5 | |
| 100 | 1 | _aChatel, J. | |
| 245 | 1 | 3 |
_aLe nouveau livre unique de lecture et de francais : _bpremier livre de lecture courante / _cJ. Chatel, A. Chatel |
| 260 |
_aParís : _bF. Nathan, _c1955 |
||
| 300 |
_a159 p. : _bil. |
||
| 650 | 4 |
_aLibros y lectura para niños _92290 |
|
| 700 | 2 |
_aChatel, A., _ecoaut. |
|
| 904 |
_aAC _b041715 |
||
| 905 | _aLibro | ||
| 999 |
_c41713 _d41713 |
||